000 00913nam a2200241 a 4500
005 20160524112515.0
008 140219b1996 io ||||fr|||| 10| 0 spa d
020 _a9798764056
040 _aCO-BoIAVH
_cCO-BoIAVH
041 0 _aspa
044 _ack
082 0 4 _a577.307072
_bS11p
111 2 _aConsulta Regional
_cManaus, Brasil
_d1996
245 1 _aPrioridades de la investigación forestal colaborativa en América Latina :
_bmemorias /
_cCésar Sabogal(coordinador) ; Center for International Forestry Research, Empresa Brasileira de Pesquisa Agropecúaria
260 _aBogor, Indonesia :
_bCIFOR :
_bEmbrapa,
_c1996.
300 _a116 páginas ;
_c22 x 15 cm.
650 0 6 _aPrioridades de investigación
650 0 6 _aAprovechamiento forestal
650 0 6 _aEcología forestal
662 _cAmérica Latina
700 _aSabogal, César
_eCoordinador
942 _cLIBRO
_2ddc
999 _c170
_d170